| 000 | 00808nam a2200241Ia 4500 | ||
|---|---|---|---|
| 003 | OSt | ||
| 005 | 20221005111920.0 | ||
| 006 | a|||||r|||| 00| 0 | ||
| 007 | ta | ||
| 008 | 221004b |||||||| |||| 00| 0 san d | ||
| 024 | _a65375 | ||
| 037 | _cTextual | ||
| 040 |
_aCRL _cCRL _bsan |
||
| 041 |
_2san _asan |
||
| 082 | _aLB:4:7x2,1, 152J3 | ||
| 100 | _aसुश्रुतेन, ले. | ||
| 245 | 0 | _aसुश्रुतसंहिता | |
| 246 | _aSushrutasanhitā | ||
| 260 |
_aवाराणसी _bचौखम्बा संस्कृत संस्थान भारत _c1953 |
||
| 650 | _aचिकित्सा शास्त्र | ||
| 942 |
_hLB:4:7x2,1, 152J3 _cTEXL _2cc |
||
| 999 |
_c1023287 _d1023287 |
||